书目信息 |
| 题名: |
WTO法律规则
|
|
| 作者: | 张学森 , 派特森 编著 | |
| 分册: | ||
| 出版信息: | 上海 复旦大学出版社 2008.11 |
|
| 页数: | 404页 | |
| 开本: | 23cm | |
| 丛书名: | ||
| 单 册: | ||
| 中图分类: | D996.1 | |
| 科图分类: | ||
| 主题词: | 世界贸易组织--shi jie mao yi zu zhi--法规--英文--高等学校--教材 | |
| 电子资源: | ||
| ISBN: | 978-7-309-06290-8 | |
| 000 | 01153nam0 2200265 450 | |
| 001 | 012009224550 | |
| 005 | 20090621162908.54 | |
| 010 | @a978-7-309-06290-8@dCNY42.00 | |
| 100 | @a20090621d2008 em y0chiy0120 ea | |
| 101 | 0 | @aeng |
| 102 | @aCN@b310000 | |
| 105 | @ay z 000yy | |
| 106 | @ar | |
| 200 | 1 | @aWTO法律规则@AWTO fa lu gui ze@d= Legal rules of the world trade organization@f张学森, G·D派特森编著@Fzhang xue sen,G·D pai te sen bian zhu@zeng |
| 205 | @a英文版 | |
| 210 | @a上海@c复旦大学出版社@d2008.11 | |
| 215 | @a404页@d23cm | |
| 330 | @a本书主要是根据高等院校国际经济与贸易专业《WTO法律规则》双语课程教学的要求而编写,兼顾了法学专业、商务英语、国际金融等专业相关课程教学的需要,同时也可以作为社会各界,特别是与WTO业务相关或对WTO业务感兴趣的专业人士,训练使用英语研究WTO有关法律文件等。 | |
| 510 | 1 | @aLegal rules of the world trade organization@zeng |
| 606 | 0 | @a世界贸易组织@Ashi jie mao yi zu zhi@x法规@x英文@x高等学校@j教材 |
| 690 | @aD996.1@v4 | |
| 701 | 0 | @a张学森@Azhang xue sen@4编著 |
| 701 | 1 | @a派特森@Apai te sen@g(Patterson, Gary D.)@4编著 |
| 801 | 0 | @aCN@bQSSK@c20090621 |
| 905 | @b746019-21@dD996.1@eZ216@f3 | |
| WTO法律规则= Legal rules of the world trade organization/张学森, G·D派特森编著.-英文版.-上海:复旦大学出版社,2008.11 |
| 404页;23cm |
| ISBN 978-7-309-06290-8:CNY42.00 |
| 本书主要是根据高等院校国际经济与贸易专业《WTO法律规则》双语课程教学的要求而编写,兼顾了法学专业、商务英语、国际金融等专业相关课程教学的需要,同时也可以作为社会各界,特别是与WTO业务相关或对WTO业务感兴趣的专业人士,训练使用英语研究WTO有关法律文件等。 |
| ● |
| 相关链接 |
|
|
|
正题名:WTO法律规则
索取号:D996.1/Z216
 
预约/预借
| 序号 | 登录号 | 条形码 | 馆藏地/架位号 | 状态 | 备注 |
| 1 | 746019 | 207460193 | 社科库509/509社科库 110排2列4层/ [索取号:D996.1/Z216] | 在馆 | |
| 2 | 746020 | 207460200 | 社科库509/509社科库 110排2列4层/ [索取号:D996.1/Z216] | 在馆 | |
| 3 | 746021 | 207460219 | 社科库509/509社科库 110排2列4层/ [索取号:D996.1/Z216] | 在馆 |